| 000 | 00834nmm a2200277 a 4500 | ||
|---|---|---|---|
| 003 | AR-BaBNM | ||
| 005 | 20251128204137.0 | ||
| 008 | 067019s1989 ||||||||||||||000 | spa|| | ||
| 040 | _cAR-BaBNM | ||
| 245 | 1 | 0 |
_aInquilinatos y hoteles de Capital Federal y Dock Sur _bestablecimientos, población y condiciones de vida |
| 260 |
_aBuenos Aires _bCentro Editor de América Latina _c1989 |
||
| 300 |
_a32 p. _bil. |
||
| 650 | 4 | _aVIVIENDA ALQUILADA | |
| 650 | 4 | _aESCASEZ DE VIVIENDA | |
| 650 | 4 | _aOCUPACION PRECARIA | |
| 650 | 4 | _aASENTAMIENTOS HUMANOS | |
| 650 | 4 | _aHISTORIA DOCUMENTAL | |
| 650 | 4 | _aANALISIS HISTORICO | |
| 651 | 4 | _aBuenos Aires [Capital Federal] | |
| 700 | 1 | _aGazzoli, Rubén | |
| 700 | 1 | _aAgostinis, Silvina | |
| 700 | 1 | _aJeifetz, Néstor | |
| 700 | 1 | _aBasaldúa, Raúl | |
| 942 | _cBK | ||
| 998 | _cSILVI | ||
| 999 |
_c6353 _d6353 |
||